000 00538nam a2200217Ia 4500
003 OSt
005 20221007083243.0
006 a|||||r|||| 00| 0
007 ta
008 221006b |||||||| |||| 00| 0 eng d
024 _a38,465
037 _cTheseses
040 _aFLL
_cFLL
_beng
041 _2eng
_aeng
100 _aSatya Prakash
245 0 _aParliamentary privileges in India
_b critical analysis
260 _c2005
300 _axliv,564p
_ccm.
942 _cDIS
_2CC
999 _c1169405
_d1169405